Some new compositions based on condensation rubbers (Record no. 68995)

MARC details
000 -LEADER
fixed length control field 00400nam a2200133Ia 4500
100 ## - MAIN ENTRY--AUTHOR NAME
Personal name Harper D A
245 #0 - TITLE STATEMENT
Title Some new compositions based on condensation rubbers
260 ## - PUBLICATION, DISTRIBUTION, ETC. (IMPRINT)
Name of publisher Proceedings of the 2nd Rubber Technology Conference, London, 1948; p61-68
650 ## - SUBJECT ADDED ENTRY--TOPICAL TERM
Topical Term Condensation rubber
700 ## - ADDED ENTRY--PERSONAL NAME
Personal name Smith W F
700 ## - ADDED ENTRY--PERSONAL NAME
Personal name White H G
942 ## - ADDED ENTRY ELEMENTS (KOHA)
Koha item type Journals
Holdings
Withdrawn status Lost status Damaged status Not for loan Home library Current library Shelving location Date acquired Koha item type
      Journals RRII Library RRII Library Rubber chemistry 17/12/2021 Journals